| 000 | 02081cam a22004814i 4500 | ||
|---|---|---|---|
| 003 | PE-LiUPU | ||
| 005 | 20250731173407.0 | ||
| 008 | 150706s r 000 0 d | ||
| 020 | _a9788482674209 | ||
| 035 | _a(Sirsi) i9788482674209 | ||
| 040 |
_aPE-LiUPU _bspa _cPE-LiUPU _erda |
||
| 049 | _aPRUA | ||
| 082 | 0 | 4 |
_a262.26 _bC73 _221 |
| 100 | 1 |
_aComiskey, Joel, _eautor. |
|
| 245 | 1 | 3 |
_aLa explosión de la iglesia celular : _bcómo estructurar la iglesia en células eficaces / _cJoel Comiskey. |
| 264 | 1 |
_aTerrasa, Barcelona : _bCLIE, _c2004. |
|
| 300 |
_a158 páginas : _bilustraciones ; _c23 cm. |
||
| 336 |
_atext _2rdacontent |
||
| 337 |
_aunmediated _2rdamedia |
||
| 338 |
_avolume _2rdacarrier |
||
| 500 | _aTraducción de: Cell church explosion. | ||
| 505 | 0 | _aRecoja la cosecha por medio de la estrategia celular -- Usted puede dirigir un grupo celular -- El poder de dios en la iglesia celular -- La historia de la iglesia celular -- Características de las iglesias celulares florecientes -- Intentando grades cosas para Dios -- Estructuras celulares creativas -- Limitado por la falta de líderes -- Cómo capacitar a su gente para el ministerio celular -- Cómo realizar una transición exitosa a la iglesia celular. | |
| 526 | _aSEG42 | ||
| 526 | _aSEG41 | ||
| 526 | _aSEG40 | ||
| 526 | _aSEG39 | ||
| 526 | _aP94 | ||
| 526 | _aP87 | ||
| 526 | _aP86 | ||
| 526 | _aP85 | ||
| 526 | _aP77 | ||
| 526 | _aP76 | ||
| 526 | _aP35 | ||
| 541 | _g001-001102; | ||
| 650 | 0 | 4 |
_aEvangelización _xLiderazgo cristiano. |
| 650 | 0 | 4 | _aCasas-iglesia. |
| 910 |
_agl _bjv _clch _d20110905 |
||
| 942 |
_2ddc _cBOOK |
||
| 949 |
_a262.26 C73 _wDEWEY _c1 _i63383 _lCCODEBUL1 _mBUL _p12.00 _r0 _sY _tBOOK _u2015-7-6 _xTEOLOGIA _PP35 _o.STAFF. Colección General |
||
| 994 |
_aC0 _bPEPRU |
||
| 596 | _a1 | ||
| 999 |
_a262.26 C73 _wDEWEY _c52345 _i63383 _f2021-11-10 _g5 _lCCODEBUL1 _mBUL _p12.00 _r0 _sY _tBOOK _u2015-7-6 _xTEOLOGIA _PP35 _0COMPRA _o.STAFF. Colección General _d52345 |
||
| 980 |
_81 _gALBERTO SANCHEZ Responsable de Automatización |
||